Mieszczanie w średniowiecznych kapitułach kolegiackich na przykładzie Sandomierza i Wiślicy

Titel: Mieszczanie w średniowiecznych kapitułach kolegiackich na przykładzie Sandomierza i Wiślicy
Verfasser:
In: Ecclesia et civitas, (2002), Seite 175-186
alle Artikel anzeigen
Veröffentlicht: 2002
Format: Aufsatz
Sprache: Polnisch
Kein Bild verfügbar
X
alg: 39365762
001A    $01999:12-11-16 
001B    $01999:25-05-21 $t21:46:13.000 
001D    $01999:12-11-16 
001U    $0utf8 
001X    $00 
002@    $0Aox 
003@    $0393657620 
007A    $0393657620 $aHEB 
007T    $0Herdk22549 
010@    $apol 
011@    $a2002 
021A    $aMieszczanie w średniowiecznych kapitułach kolegiackich na przykładzie Sandomierza i Wiślicy 
028A    $aPoniewozik $dLeszek 
031A    $h175-186 $j2002 
039B    $aIn $8--Aau--. Ecclesia et civitas. - Warszawa : Inst. Historii Polskiej Akad. Nauk, 2002. - 534 S.. - Ill.. - ISBN 83-86301-98-8 $x200200000000000825 $9115177019 
045F    $a200.94380902 $eDDC23BSB 
045F/01 $a200.9 
045F/03 $f0902 
045F/03 $g438 

lok: 39365762 78

exp: 39365762 78 1 #EPN
201B/01 $003-09-18 $t22:46:13.000 
201U/01 $0utf8 
203@/01 $0789768119 
208@/01 $a12-11-16 $be 
209A/01 $a/ $f000 $x00 
220C/01 $aTitelaufnehmer: pbb 
220C/01 $aHerkunft: IH PAN/PBB Kraków 
244Z/01 $2Trx $#Poola $#Lenkija $#Polija $#Polen Land $#Poland $#Lengyelország $#Poľsko $#Polsko $8--Trx--Polska$gkraj $x01 $9391345966 
244Z/01 $#Sandomir $74378952-3 $8--Tg1--Sandomierz $x02 $9088388069 
244Z/01 $74342575-6 $8--Tg1--Wiślica $x03 $908816831X 
244Z/01 $aGeschichte 1000-1500 $x04 
244Z/01 $2Trx $#kloostrid $#Katedros kapitula $#convents $#rendházak $#kolegiaty $#kláštory $#fundace kláštery, kapituly $#Kapitel $#Domkapitel $#chapter $#kapituły $#kapituly $#kapituly $8--Trx--Stifte, geistliche $x05 $9391360779 
244Z/01 $2Trx $#kodanlus $#miestiečiai $#Middle class $#polgárság $#mieszczaństwo $#meštianstvo $#měšťanstvo $8--Trx--Bürgertum $x06 $9391383981 
244Z/01 $2Trx $8--Trx--Einzelbeiträge $x07 $9391384570 
245Z/01 $a10.02.01 $x01 
247C/01 $82080>Marburg/Lahn, Herder-Institut, Forschungsbibliothek, Bibliographieportal $9336309341
LEADER 00000caa a22000002c 4500
001 393657620
003 DE-603
005 20210525214613.0
007 tu
008 161112s2002 xx |||| | u00||u|pol c
035 |a (DE-599)HEB393657620 
040 |a DE-603  |b ger  |c DE-603  |d DE-603 
041 |a pol 
082 0 4 |8 1\u  |a 200.94380902  |q DE-101  |2 23/BSB 
085 |8 1\u  |b 200.9 
085 |8 1\u  |z 1  |s 0902 
085 |8 1\u  |z 2  |s 438 
100 1 |a Poniewozik, Leszek 
245 0 0 |a Mieszczanie w średniowiecznych kapitułach kolegiackich na przykładzie Sandomierza i Wiślicy 
264 0 |c 2002 
773 0 8 |i In  |t Ecclesia et civitas  |d Warszawa : Inst. Historii Polskiej Akad. Nauk, 2002  |h 534 S., Ill.  |z 8386301988  |g (2002), Seite 175-186  |w (DE-603)115177019 
924 0 |9 2080  |a (DE-603)789768119  |b DE-2080  |c HES  |d d  |g /